Ten Highest Ranking UEFA Clubs by Year - Statistics

General Stats
  • This quiz has been taken 191 times
  • The average score is 15 of 18
Answer Stats
# Years Club % Correct
10 Real Madrid
100%
10 Barcelona
99%
10 Bayern Munich
99%
6 Manchester City
98%
6 Manchester United
97%
4 Liverpool
96%
6 Arsenal
94%
8 Juventus
94%
6 Chelsea
93%
9 Atlético Madrid
92%
3 Borussia Dortmund
92%
8 PSG
91%
3 Porto
74%
4 SL Benfica
72%
1 AS Roma
68%
4 Sevilla
62%
1 Valencia
53%
1 Schalke 04
25%
No matching quizzes found
Score Distribution
Percent of People with Each Score
Percentile by Number Answered
Your Score History
You have not taken this quiz